The picture world of sun and stars (Record no. 36160)

MARC details
000 -LEADER
fixed length control field 00473nam a2200181Ia 4500
020 ## - INTERNATIONAL STANDARD BOOK NUMBER
ISBN 053114058-x
050 ## - CALL MARK
Classification number QB 801.7 .W38/
100 ## - STATEMENT OF RESPONSIBILITY--MAIN AUTHOR NAME
Personal name Watts, Franklin
245 #4 - TITLE STATEMENT
Title The picture world of sun and stars
260 ## - PUBLICATION, DISTRIBUTION, ETC. (IMPRINT)
Place of publication New York
260 ## - PUBLICATION, DISTRIBUTION, ETC. (IMPRINT)
Name of publisher K and Co
260 ## - PUBLICATION, DISTRIBUTION, ETC. (IMPRINT)
Year of publication 1990
300 ## - PHYSICAL DESCRIPTION
Number of Pages 29 p
650 ## - SUBJECT ADDED ENTRY--TOPICAL TERM
Topical Term Stars--Juvenile literature. Stars. Sun--Juvenile literature. Sun.
942 ## - ADDED ENTRY ELEMENTS (KOHA)
Koha item type Books
Holdings
Withdrawn status Lost status Source of classification or shelving scheme Damaged status Not for loan Permanent Location Current Location Date acquired Accession Number Price effective from Koha item type
    Library of Congress Classification     NILE UNIVERSITY OF NIGERIA - MAIN LIBRARY NILE UNIVERSITY OF NIGERIA - MAIN LIBRARY 04/23/2025 0192375 04/23/2025 Books